Ocena poziomu i jakości życia mieszkańców obszarów wiejskich Pomorza Środkowego / (Rekord nr 10412)
| 000 -ETYKIETA REKORDU | |
|---|---|
| podpole kontrolne o stałej długości | 00789naa a2200145 i 4500 |
| 001 - NUMER KONTROLNY REKORDU | |
| podpole kontrolne | 10412 |
| 003 - IDENTYFIKATOR NUMERU KONTROLNEGO REKORDU | |
| podpole kontrolne | KOSZ 005 |
| 005 - DATA OSTATNIEJ MODYFIKACJI REKORDU | |
| podpole kontrolne | 20180421115206.0 |
| 008 - POLE O STAŁEJ DŁUGOŚCI - DANE KONTROLNE | |
| podpole kontrolne o stałej długości | 180316s2008 pl ||||f |||| 00| 0 pol d |
| 040 ## - ŹRÓDŁO KATALOGOWANIA | |
| Instytucja, która sporządziła opis | KOSZ 005/HR |
| Instytucja, która utworzyła rekord | KOSZ 005/HR |
| 100 1# - NAZWA OSOBOWA | |
| Nazwa osobowa | CZERWIŃSKA-JAŚKIEWICZ, Małgorzata. |
| Lata pracy | 2002 - . |
| Instytucja | Politechnika Koszalińska - Instytut Ekonomii i Zarządzania, |
| Wydział | Zakład Marketingu |
| 245 10 - TYTUŁ/ODPOWIEDZIALNOŚĆ | |
| Tytuł | Ocena poziomu i jakości życia mieszkańców obszarów wiejskich Pomorza Środkowego / |
| Pozostałe elementy strefy tytułu i oznaczenia odpowiedzialności | Małgorzata Czerwińska. |
| 773 0# - TYTUŁ DOKUMENTU MACIERZYSTEGO | |
| Wyrażenie wprowadzające | W : |
| Tytuł | Pomorze Środkowe - społeczeństwo, wieś, gospodarka : wybrane problemy / [red. nauk. Danuta Zawadzka]. - |
| Adres wydawniczy | Koszalin : Polskie Towarzystwo Ekonomiczne. Oddział : Fundacja Nauka dla Środowiska. Politechnika Koszalińska, 2008. - |
| Informacje dotyczące relacji | s. 127-146 |
| 942 ## - HASŁO DODATKOWE - ELEMENTY(KOHA) | |
| Schemat klasyfikacji | Uniwersalna klasyfikacja dziesiętna |
| Typ dokumentu | Rozdział |
Brak dostępnych egzemplarzy.
